<?xml version="1.0" encoding="UTF-8"?><?xml-stylesheet type="text/xsl" href="static/style.xsl"?><OAI-PMH xmlns="http://www.openarchives.org/OAI/2.0/" xmlns:xsi="http://www.w3.org/2001/XMLSchema-instance" xsi:schemaLocation="http://www.openarchives.org/OAI/2.0/ http://www.openarchives.org/OAI/2.0/OAI-PMH.xsd"><responseDate>2026-06-01T07:58:57Z</responseDate><request verb="GetRecord" identifier="oai:riuma.uma.es:10630/32736" metadataPrefix="marc">https://riuma.uma.es/rest/oai/request</request><GetRecord><record><header><identifier>oai:riuma.uma.es:10630/32736</identifier><datestamp>2026-02-03T10:54:46Z</datestamp><setSpec>com_10630_2254</setSpec><setSpec>col_10630_37953</setSpec></header><metadata><record xmlns="http://www.loc.gov/MARC21/slim" xmlns:dcterms="http://purl.org/dc/terms/" xmlns:doc="http://www.lyncode.com/xoai" xmlns:xsi="http://www.w3.org/2001/XMLSchema-instance" xsi:schemaLocation="http://www.loc.gov/MARC21/slim http://www.loc.gov/standards/marcxml/schema/MARC21slim.xsd">
   <leader>00925njm 22002777a 4500</leader>
   <datafield ind2=" " ind1=" " tag="042">
      <subfield code="a">dc</subfield>
   </datafield>
   <datafield ind2=" " ind1=" " tag="720">
      <subfield code="a">Moreno-Sáez, Rafael Jesús</subfield>
      <subfield code="e">author</subfield>
   </datafield>
   <datafield ind2=" " ind1=" " tag="720">
      <subfield code="a">Sidrach-de-Cardona-Ortin, Mariano</subfield>
      <subfield code="e">author</subfield>
   </datafield>
   <datafield ind2=" " ind1=" " tag="720">
      <subfield code="a">Mora-López, Llanos</subfield>
      <subfield code="e">author</subfield>
   </datafield>
   <datafield ind2=" " ind1=" " tag="260">
      <subfield code="c">2016</subfield>
   </datafield>
   <datafield ind2=" " ind1=" " tag="520">
      <subfield code="a">The instantaneous performance ratio of thin-film photovoltaic modules of three different technologies is analyzed and characterized using contour graphs for different outdoor conditions. This parameter changes when modules are working in outdoor conditions depending on several variables. The most explanatory parameters we have found are the module temperature, the atmospheric clearness index and the solar spectral irradiance distribution; this latter has been included in the characterization using the average photon energy index as it has been identified as a good indicator of the solar spectral irradiance distribution. Moreover, the variance of instantaneous performance ratio for each studied technology has been analyzed. We can conclude that the joint use of all these parameters in contour graphs allows us to better characterize the performance of modules and to reduce the uncertainty observed in previous proposals that only use two of these parameters.</subfield>
   </datafield>
   <datafield ind1="8" ind2=" " tag="024">
      <subfield code="a">Rafael Moreno-Sáez, Mariano Sidrach-de-Cardona, Llanos Mora-López, Analysis and characterization of photovoltaic modules of three different thin-film technologies in outdoor conditions, Applied Energy, Volume 162, 2016, Pages 827-838, ISSN 0306-2619, https://doi.org/10.1016/j.apenergy.2015.10.156.</subfield>
   </datafield>
   <datafield ind1="8" ind2=" " tag="024">
      <subfield code="a">1872-9118</subfield>
   </datafield>
   <datafield ind1="8" ind2=" " tag="024">
      <subfield code="a">https://hdl.handle.net/10630/32736</subfield>
   </datafield>
   <datafield ind1="8" ind2=" " tag="024">
      <subfield code="a">10.1016/j.apenergy.2015.10.156</subfield>
   </datafield>
   <datafield tag="653" ind2=" " ind1=" ">
      <subfield code="a">Energía fotovoltaica</subfield>
   </datafield>
   <datafield ind2="0" ind1="0" tag="245">
      <subfield code="a">Analysis and characterization of photovoltaic modules of three different thin-film technologies in outdoor conditions</subfield>
   </datafield>
</record>
</metadata></record></GetRecord></OAI-PMH>